Rituales fúnebres cristianos: un estudio comparativo /

Guardat en:
Dades bibliogràfiques
Autor principal: Delgado Botello, Francisco
Format: Text
Matèries:
Etiquetes: Afegir etiqueta
Sense etiquetes, Sigues el primer a etiquetar aquest registre!

MARC

LEADER 00000 a a2200000 04500
001 9415
003
040
100 |a Delgado Botello, Francisco  
245 |a Rituales fúnebres cristianos:   |b un estudio comparativo /  |c Francisco Delgado Botello 
500 |a Incluye el anexo "Chistes sobre velorios y entierros en Panamá" (páginas 73-76)  
650 |a CRISTIANISMO  
650 |a MUERTE  
650 |a VIDA  
650 |a IGLESIA  
650 |a PANAMA  
773 |g número 466 -467; páginas 57-72  
999 |c 34973  |d 34973